000 01861cam a2200145 4500500
005 20260405085604.0
041 _afre
042 _adc
100 1 0 _aSegalen, Martine
_eauthor
700 1 0 _aMartial, Agnès
_eauthor
245 0 0 _aSociologie de la famille
260 _bArmand Colin,
_c2019.
520 _aPeu d’institutions sont à la fois aussi explorées et mal connues que la famille. Celle-ci fait l’objet d’un discours politique et médiatique qui se renouvelle sans cesse, sans jamais s’épuiser ; chacun de nous est tenté par ailleurs de juger de la famille à partir de la connaissance intime, mais nécessairement partielle, voire partiale qu’il en a… Tout en conservant les développements historiques en raison de leur intérêt théorique et méthodologique, cette neuvième édition continue de discuter les liens entre institution familiale, questions migratoires ou relatives au travail et à l’emploi, politiques publiques. À côté de ces thèmes classiques, elle intègre des débats neufs relatifs à la montée de l’individualisme, à l’émergence de la question du genre ou du rôle d’Internet. Elle donne un large écho aux discussions relatives au « mariage pour tous », comme à celles qui concernent les nouvelles techniques et pratiques de reproduction qui transforment profondément le champ de la filiation. À l’aide de données statistiques remises à jour, elle compare l’évolution respective de la situation de l’institution familiale dans le cadre européen. S’appuyant sur un ensemble de travaux neufs, grandes enquêtes longitudinales ou travaux plus pointus d’anthropologie, la neuvième édition de ce classique offre une vision renouvelée du champ familial.
856 4 1 _uhttps://shs.cairn.info/sociologie-de-la-famille--9782200624743?lang=fr&redirect-ssocas=7080
999 _c2198763
_d2198763